|
|
|
|
| LEADER |
00000nab a2200000 ar4500 |
| 001 |
vtls010107412 |
| 003 |
SK-MaSNL |
| 005 |
20260303080814.0 |
| 008 |
100621c2010 xo wr|p|||||||000 b|slo |
| 038 |
|
|
|a PPPK
|
| 040 |
|
|
|a PPPKCL
|b slo
|c PPPKCL
|e AACR2
|
| 041 |
0 |
|
|a slo
|
| 044 |
|
|
|a xo
|c SK
|
| 080 |
|
|
|a 332.133.6
|2 2001
|
| 245 |
0 |
0 |
|a Rusi po ročnej prestávke pokračujú vo výstavbe
|c [text a foto] (bšl)
|
| 300 |
|
|
|b Fotogr.
|
| 610 |
2 |
7 |
|a Institute Europharm (Rusko)
|2 pppkcl
|9 1083153
|
| 650 |
0 |
7 |
|a farmaceutické firmy
|2 pppkcl
|9 132135
|
| 650 |
0 |
7 |
|a priemyselné parky
|2 pppkcl
|9 29007
|
| 651 |
|
7 |
|a Kežmarok (Slovensko)
|2 pppkcl
|9 26808
|
| 773 |
0 |
|
|t Podtatranské noviny
|g Roč. LI, č. 17 (2010), s. 2
|x 1210-2423
|
| 852 |
|
|
|a PPPK
|b KIS3GCP
|
| 999 |
|
|
|c 1782017
|d 1783947
|